| LEADER |
00979nam0a2200193 450 |
| 001 |
16830967 |
| 010 |
|
|
|a 978-2-7560-1128-8
|d 13,5
|
| 100 |
|
|
|a 20100819d2010 u u0frey01 ba
|
| 101 |
0 |
|
|a fre
|
| 102 |
|
|
|a FR
|
| 200 |
0 |
|
|a Smoke city
|f scénario Benjamin Carré et Mathieu Mariolle
|g dessin et couleur Benjamin Carré
|
| 207 |
|
1 |
|a
|
| 215 |
|
|
|a 47 p.
|c illustrations en couleur
|d 32 x 24 cm
|
| 330 |
|
|
|a Après plusieurs années passées à se faire oublier, une bande de six malfrats se reforme pour réaliser un coup juteux : voler une momie pour le compte d'un commanditaire qui exige la reconstitution du célèbre sextuor à l'identique. Tous ont accepté le marché. Mais nul ne pouvait savoir ce qui se cache derrière ce pacte...
|
| 701 |
|
0 |
|a Mariolle
|b Mathieu
|4 70
|
| 701 |
|
0 |
|a Carré
|b Benjamin
|4 440
|
| 900 |
|
|
|a Bandes déssinées ADULTE
|
| 901 |
|
|
|a Accessible au prêt
|
| 995 |
|
|
|a BD 13
|b 156
|c Bibliothèque
|f 00156008072605
|h 00156008072605
|k BDA CAR 2
|o p
|q a
|r az
|e BD 13
|